Success Mantras And Musings: (Record no. 194281)

MARC details
000 -LEADER
fixed length control field 00562nam a22001817a 4500
005 - DATE AND TIME OF LATEST TRANSACTION
control field 20221213151756.0
010 ## - LCCN (DPL NO)
LC control number ENG-135844
020 ## - INTERNATIONAL STANDARD BOOK NUMBER
International Standard Book Number 9789390961146
Terms of availability 595.00
035 ## - SYSTEM CONTROL NUMBER
System control number EN-119376
037 ## - SOURCE OF ACQUISITION
Source of stock number/acquisition DBAD
082 ## - DEWEY DECIMAL CLASSIFICATION NUMBER
Classification number 158.1
100 ## - MAIN ENTRY--PERSONAL NAME
Personal name Jadeja,Anurita Rathore
245 ## - TITLE STATEMENT
Title Success Mantras And Musings:
Remainder of title Edupreneur Manjula Pooja Shroff/
Statement of responsibility, etc Anurita Rathore Jadeja
260 ## - PUBLICATION, DISTRIBUTION, ETC. (IMPRINT)
Place of publication, distribution, etc New Delhi
Name of publisher, distributor, etc Vitasta publishing
Date of publication, distribution, etc 2022
270 ## - ADDRESS
Address 2/15,Ansari road, Daryaganj
City New Delhi
300 ## - PHYSICAL DESCRIPTION
Extent xii,208p.
Dimensions 22cm(hb)
942 ## - ADDED ENTRY ELEMENTS (KOHA)
Source of classification or shelving scheme Dewey Decimal Classification
Item type English Books
Classification part 158.1
Call number suffix JAD
Holdings
Withdrawn status Lost status Not for loan Collection code Home library Current library Date acquired Source of acquisition Cost, normal purchase price Full call number Barcode Copy number Cost, replacement price Koha item type
      Non-fiction Diz Area Diz Area 13/12/2022 DBAD/PUB 595.00 158.1 JAD EN-119376 1 595.00 English Books

© Delhi Public Library
Hit Counter
free hit counter